Voluntary IFRS Adoption in the Slovak Republic – Myth or Real Option?

Saved in:
Bibliographic Details
Main Author: Parajka, Branislav, 1981-
Format: Book Chapter
Language:English
Tags: Add Tag
No Tags, Be the first to tag this record!

MARC

LEADER 00000naa$a2200000$$$4500
001 0281081
005 20240502083902.6
041 0 |a eng 
044 |a CZ 
245 1 0 |a Voluntary IFRS Adoption in the Slovak Republic – Myth or Real Option?  |c Branislav Parajka 
100 1 |a Parajka, Branislav, 1981-